00271nam a2200121Ia 45000030006000000080041000060400015000471000019000622450030000812600009001115460012001200050017001320STCL150530s9999 xx 000 0 und d aSTCLcSTCL aHarrison, L.M. aPocket Medical dictionary c1998 aEnglish20220125165824.0